000 00499nam a2200181Ia 4500
005 20250923144437.0
008 008 250917s9999 xx 000 0 eng d
037 _aTextual
040 _aDSWL
_beng
_cDSWL
041 _aeng
_2eng
084 _aX;75, G5
_qDSWL
100 _aWootton, B.
_9824956
245 0 _aPlan or no plan
_cby B. Wootton
260 _aNew York
_b Earrar & Rinehart
_c1935
300 _a360 p.
942 _cTEXL
_hX;75, G5
999 _c1438952
_d1438952